000 00495nam a22001937a 4500
003 MPLRDC
005 20220104174728.0
008 210129b ||||| |||| 00| 0 eng d
020 _a983-62-6980-0
082 _a859.6 SARB-2
100 _aMOHD ISMAIL SARBINI
245 _aPAHLAWAN PASIR SALAK
_c
250 _a初版
260 _a
_bDEWAN BAHASA DAN PUSTAKA
_c2000
300 _b
490 _aEDISI PELAJAR TINGKATAN 2
650 _aSASTERA KANAK-KANAK
942 _cBK
_o859.6 SARB-2
999 _c60000
_d59990